Noem 11 hoofdsteden in Afrika - Sudden Death - Statistieken

Algemene statistieken
  • Deze quiz is 40 keer genomen
  • De gemiddelde score is 7 van 11
Answers on the Grid
Answers color-coded by a green-red scale on the quiz's grid according to % correct below.
Bakoe
Montevideo
Caïro
Bogota
Algiers
Banyul
Lima
Asunción
Bisjkek
Belmopan
Kinshasa
Pristina
Quito
Seoul
Praia
Cayenne
Buenos Aires
Tripoli
Tunis
Managua
La Paz
Belmopan
Tasjkent
Lusaka
Tallinn
Juba
Kigali
Santiago
Windhoek
Kathmandu
 
Antwoordstatistieken
Antwoord % Correct
Caïro
92%
Algiers
88%
Windhoek
83%
Kinshasa
75%
Lusaka
67%
Kigali
58%
Tripoli
58%
Tunis
58%
Banyul
54%
Praia
46%
Juba
33%
Geen overeenkomende quizzen gevonden
Scoreverdeling
Procent van Mensen met Elke Score
Percentiel versus Aantal Correcte Antwoorden
Uw Scoregeschiedenis
U heeft deze quiz nog niet genomen